000 00419nam a22001817a 4500
003 OSt
005 20220126113536.0
008 220126b |||||||| |||| 00| 0 eng d
020 _a8120307755
040 _cHU
082 _a621.8
100 _aKosow lL. Iring
_928691
245 _aElectric Machinery And Transformers
250 _a2ed
260 _aNew Delhi
_bNew Delhi
300 _f626
942 _2ddc
_cBOOKS
_n0
999 _c27939
_d27939